000 00388nam a2200145Ia 4500
008 230917s9999||||xx |||||||||||||| ||und||
040 _e48151
_aMAIN
041 _aEnglish
082 _a822.33 S15K:S
100 _aKnight, G Wilson
245 0 _aShakespeare and religion: Essays of forty years
260 _aLondon
_bRoutledge & Kegan Paul
_c1967
300 _aix, 374 p.
942 _cBK
999 _c191798
_d191798